000 00576cam a2200217 4500
001 D15036
008 090401t1979 xxu||||| |||| 00| 0 eng d
035 _a(Sirsi) u19795
041 _aeng
050 _a333.335
090 _aRICS 1979/58ABC
110 _aRoyal Institution of Chartered Surveyors
_94900
245 4 _aThe agricultural surveyor in the `eighties
260 _bRICS
_c1979
300 _a18p. 30cm
350 _a0
520 _aFiled in box RICS 1979/58 ABC
710 _aLand Agency and Agriculture Division
_9773
942 _n0
948 _c04/03/1997
999 _c87713
_d87713